Wird geladen...

Distribution of income between persons

Bibliographische Detailangaben
1. Verfasser: Champernowne, D G
Format: Printed Book
Veröffentlicht: CambridgeUniversity Press, Cambridge 1973
Schlagworte:
LEADER 00542nam a2200193 4500
020
082 |a 658.155 CHA-D 
100 |a Champernowne, D G 
245 |a Distribution of income between persons 
250
260 |a CambridgeUniversity Press, Cambridge  |c 1973 
300
490
500
590
650 |a Income and expense management-- Financial management 
942 |c BK 
999 |c 108683  |d 108683 
952 |0 0  |1 0  |4 0  |6 658_155000000000000_CHAD  |7 0  |9 122150  |a ECN  |b ECN  |l 0  |o 658.155 CHA-D  |p ECN05712  |r 2019-09-25  |w 2019-09-25  |y BK